000 00724nam a2200229 i 4500
001 C2-0288628
003 PPAK
005 20180728021705.0
008 080529s2006 my a|||| ||||| | zxx d
020 _a9833216013
040 _aPPAK
_beng
_cPPAK
_erda
082 0 4 _a371.8309595
_223
090 0 0 _a371.8309595
_bHAR
_dR
245 0 0 _aHari Koperasi Sekolah 2006 =
_bSchool co-operative day 2006
264 1 _aPetaling Jaya, Selangor :
_bAngkatan Koperasi Kebangsaan Malaysia ( ANGKASA ) ,
_c2006
300 _a158 pages :
_bcolour illustrations ;
_c30 cm
336 _2rdacontent
_atext
337 _2rdamedia
_aunmediated
338 _2rdacarrier
_avolume
650 1 0 _aStudent cooperatives - Malaysia
942 _ddc
_cB
999 _c94229
_d94229